000 00943cam a2200313 a 4500
001 3751134
003 OSt
005 20140310183637.0
008 820810s1983 njua b 001 0 eng
010 _a 82015130
020 _a 9813076283
040 _aDLC
_cDLC
_dDLC
050 0 0 _aBF 181
_b.M39 2000
100 1 _aMcGuigan, F. J.
_q(Frank J.),
_d1924-
245 1 0 _aExperimental psychology :
_bmethods of research /
_cF.J. McGuigan.
250 _a7th ed.
_bInternational Edition
260 _aEnglewood Cliffs, N.J. :
_bPrentice-Hall,
_c2000.
300 _a480 p. :
_bill. ;
_c22 cm.
500 _aIncludes index.
504 _aBibliography: p. 368-370.
521 _aPSYCH
650 0 _aPsychology, Experimental.
650 0 _aPsychology
_xResearch.
650 0 _aExperimental design.
650 2 _aPsychology, Experimental.
906 _a7
_bcbc
_corignew
_d1
_eocip
_f19
_gy-gencatlg
942 _2lcc
_cBK
_kFOR
999 _c25751
_d25751